000 00310nam a22001217a 4500
003 OSt
008 250127b |||||||| |||| 00| 0 eng d
041 _aeng
100 _aISI
_97009
245 _aSpecification for Tractor Mounted Band for Men IS12334
260 _bIndian Standard Institute,
_c1973.
942 _cBK
999 _c19146
_d19146